Introduction to Interdisciplinary Studies (Record no. 6209)

MARC details
000 -LEADER
fixed length control field 01135cam a2200313 i 4500
001 - CONTROL NUMBER
control field 19102400
003 - CONTROL NUMBER IDENTIFIER
control field OSt
005 - DATE AND TIME OF LATEST TRANSACTION
control field 20210401122409.0
008 - FIXED-LENGTH DATA ELEMENTS--GENERAL INFORMATION
fixed length control field 160520s2017 caua b 001 0 eng
010 ## - LIBRARY OF CONGRESS CONTROL NUMBER
LC control number 2016023303
020 ## - INTERNATIONAL STANDARD BOOK NUMBER
International Standard Book Number 9781506346892 (pbk. : alk. paper)
040 ## - CATALOGING SOURCE
Original cataloging agency DLC
Language of cataloging eng
Transcribing agency DLC
Description conventions rda
Modifying agency DLC
042 ## - AUTHENTICATION CODE
Authentication code pcc
082 00 - DEWEY DECIMAL CLASSIFICATION NUMBER
Classification number 338.9 REP 2017
Edition number 23
100 1# - MAIN ENTRY--PERSONAL NAME
Personal name Repko, Allen F.;Szostak, Rick; Buchberger, Michelle Phillips,
9 (RLIN) 12778
245 10 - TITLE STATEMENT
Title Introduction to Interdisciplinary Studies
250 ## - EDITION STATEMENT
Edition statement 2nd.ed.
264 #1 - PRODUCTION, PUBLICATION, DISTRIBUTION, MANUFACTURE, AND COPYRIGHT NOTICE
Place of production, publication, distribution, manufacture Los Angeles :
Name of producer, publisher, distributor, manufacturer Sage,
Date of production, publication, distribution, manufacture, or copyright notice [2017]
300 ## - PHYSICAL DESCRIPTION
Extent xxxviii, 426 pages :
Other physical details illustrations ;
Dimensions 24 cm.
336 ## - CONTENT TYPE
Content type term text
Source rdacontent
337 ## - MEDIA TYPE
Media type term unmediated
Source rdamedia
338 ## - CARRIER TYPE
Carrier type term volume
Source rdacarrier
504 ## - BIBLIOGRAPHY, ETC. NOTE
Bibliography, etc Includes bibliographical references and index.
650 #0 - SUBJECT ADDED ENTRY--TOPICAL TERM
Topical term or geographic name as entry element Interdisciplinary approach to knowledge.
9 (RLIN) 12779
650 #0 - SUBJECT ADDED ENTRY--TOPICAL TERM
Topical term or geographic name as entry element Social sciences.
9 (RLIN) 312
906 ## - LOCAL DATA ELEMENT F, LDF (RLIN)
a 7
b cbc
c orignew
d 1
e ecip
f 20
g y-gencatlg
942 ## - ADDED ENTRY ELEMENTS (KOHA)
Source of classification or shelving scheme Dewey Decimal Classification
Koha item type Open Shelf
Holdings
Withdrawn status Lost status Source of classification or shelving scheme Damaged status Not for loan Home library Current library Date acquired Source of acquisition Inventory number Total Checkouts Full call number Barcode Date last seen Koha item type Date last checked out
    Dewey Decimal Classification     MUST Main Library MUST Main Library 12/08/2019 Purchase 19/40888   338.9 REP 2017 2019-0032 12/08/2019 Open Shelf  
    Dewey Decimal Classification     MUST Main Library MUST Main Library 12/08/2019 Purchase 19/40887   338.9 REP 2017 2019-0033 12/08/2019 Open Shelf  
    Dewey Decimal Classification     MUST Main Library MUST Main Library 12/08/2019 Purchase 19/40889   338.9 REP 2017 2019-0034 12/08/2019 Open Shelf  
    Dewey Decimal Classification     MUST Main Library MUST Main Library 12/08/2019 Purchase 19/40886 1 338.9 REP 2017 2019-0035 18/05/2021 Open Shelf 01/04/2021